Historical Figure by Related Image - Statistics

General Stats
  • This quiz has been taken 29 times
  • The average score is 6 of 16
Answer Stats
Picture Hint Answer % Correct
Roman Emperor Nero
77%
New Zealand Mountaineer Edmund Hillary
73%
King of England Richard I
62%
King Harald Bluetooth
54%
Activist Mohandas Gandhi
54%
Venezuelan Military Leader Simón Bolívar
54%
Creator Hermann Rorschach
38%
Bushranger Ned Kelly
38%
Architect Frank Lloyd Wright
35%
Mali Empire Mansa Musa
35%
Aztec Moctezuma II
35%
Prophet Zoroaster
35%
Khagan Kublai Khan
31%
Pharaoh Hatshepsut
12%
Navigator Samuel de Champlain
4%
Sapa Inca Pachacuti Inca Yupanqui
0%
No matching quizzes found
Score Distribution
Percent of People with Each Score
Percentile by Number Answered
Your Score History
You have not taken this quiz